000 00373pab a2200157 454500
008 180718b2015 xxu||||| |||| 00| 0 eng d
100 _aTandon, Shruti
245 _aRole-set of student-teacher
260 _c2015
300 _ap.37-47.
362 _aSep
650 _aTeachers
650 _aStudent teacher relationship
773 _aThird concept
909 _a109593
999 _c109588
_d109588